000 00747nam a2200289Ia 4500
005 20260324143455.0
008 008 260324s9999 xx 000 0 eng d
020 _a9781315490410
037 _aEBOOK
040 _aCRL
040 _beng
040 _cCRL
041 _2eng
041 _aeng
084 _qCRL
100 _aDorothea A.L. Martin
_91215760
245 4 _aThe Making of a Sino-Marxist World View
245 0 _bPerceptions and Interpretations of World History in the People's Republic of China
260 _bTaylor and Francis
260 _c1991
365 _a
365 _b230
856 _uhttp://www.taylorfrancis.com/books/9781315490410
942 _cEBOOK
999 _c1821208
_d1821208